Polityčni protesty j inakodumstvo v Ukraïni

Titel: Polityčni protesty j inakodumstvo v Ukraïni : (1960 - 1990); [dokumenty i materialy] / uporjadnyk Vasylʹ Danylenko
Beteiligt:
Veröffentlicht: Kyïv : "Smoloskyp", 2013
Umfang: 732 Seiten : Illustrationen
Format: Buch
Sprache: Ukrainisch
Schlagworte:
ISBN: 9661676453 ; 9662164693 ; 9789661676458 ; 9789662164695
Buchumschlag
X
Lokale Klassifikation: 42 7 Od ; 42 7 O ; 42 5 F
alg: 34374589
001A    $03004:18-07-14 
001B    $01999:07-02-25 $t13:06:25.000 
001D    $03004:18-07-14 
001U    $0utf8 
001X    $00 
002@    $0Aau 
002C    $aText $btxt $2rdacontent 
002D    $aohne Hilfsmittel zu benutzen $bn $2rdamedia 
002E    $aBand $bnc $2rdacarrier 
003@    $0343745895 
003O    $0862844462 $aOCoLC 
004A    $0966-16-7645-3 
004A    $0966-2164-69-3 
004A    $A978-966-16-7645-8 
004A    $A978-966-2164-69-5 
007A    $0BV041378385 $aBVB 
010@    $aukr 
011@    $a2013 $n2013 
013D    $RQuellenforschung $#History -- Sources $#Histoire -- Sources $#Akten Formschlagwort $#Augenzeugenbericht Formschlagwort $#Texte Formschlagwort $#Historische Quelle $#Geschichtsquelle $#Quellensammlung $#Quellen $74135952-5 $8Quelle [Ts1] $9085503576 
021A    $aPolityčni protesty j inakodumstvo v Ukraïni $T01 $d(1960 - 1990); [dokumenty i materialy] $ULatn $huporjadnyk Vasylʹ Danylenko 
021A    $aПолітичні протести й інакодумство в Україні $T01 $d(1960 - 1990); [документи и матеріали] $UCyrl $hупорядник Василь Даниленко 
027A    $aPolitical protests and dissent in Ukraine 
028C    $#Danylenko, V. M. $#Даниленко, Василь Михайлович $#Danilenko, V. M. $#Danilenko, Vasilii $#Danilenko, Vasilii Mikhailovich $#Danilenko, Vasilij $#Danilenko, Vasilij Michajlovič $#Danylenko, V. M. $#Danylenko, Vasylʹ $#Danylenko, Vasylʹ Mykhailovych $#Danilenko, Vasilij M. $#Danylenko, Vasyl M. $#Danylenko, Vasyl $T01 $ULatn $7142943940 $8Danylenko, Vasylʹ Mychajlovyč$Z1954- [Tp3] $9229133568 
028C    $#Danylenko, V. M. $#Даниленко, Василь Михайлович $#Danilenko, V. M. $#Danilenko, Vasilii $#Danilenko, Vasilii Mikhailovich $#Danilenko, Vasilij $#Danilenko, Vasilij Michajlovič $#Danylenko, V. M. $#Danylenko, Vasylʹ $#Danylenko, Vasylʹ Mykhailovych $#Danilenko, Vasilij M. $#Danylenko, Vasyl M. $#Danylenko, Vasyl $T01 $UCyrl $7142943940 $8Даниленко, Василь Михайлович$Z1954- [Tp3] $9229133568 
033A    $pKyïv $T01 $ULatn $n"Smoloskyp" 
033A    $pКиїв $T01 $UCyrl $n"Смолоскип" 
034D    $a732 Seiten 
034M    $aIllustrationen 
037A    $aPT: Political protests and dissent in Ukraine. - In kyrill. Schr., ukrain. 
044K    $qBVB $RUkrainische SSR $#Ukraine $#Ukraine $#Украïна $#Ukrainische SSR $#Ukrajina $#Ukraina $#Ukraïna Ukraine $#Ukraina Ukraine $#Ukrajna $74061496-7 $8Ukraine [Tgz] $9085170801 
044K    $qBVB $RProtest $#Government, Resistance to $#Résistance politique $74229763-1 $8Politischer Protest [Ts1] $9086199048 
044K    $qBVB $ROpposition $RDissidentin $#Dissenters $#Dissidents $#Dissident $#Nonkonformist $#Abweichler Dissident $74150218-8 $8Dissident [Ts1] $9085617881 
045F    $eDDC22ger 
045F/01 $a909 
045F/03 $f0904 
045F/03 $g477 
045G    $a909 $eDDC23BSB 
045G/01 $a909 
045G/03 $f0904 
045G/03 $g477 
045H    $a900.94770904 $eDDC23BSB 
045H/01 $a900 
045H/03 $f0904 
045H/03 $g477 
045R    $aGeschichte 1960-1990 

lok: 34374589 24
101B    $018-07-14 $t11:55:28.000 
101C    $018-07-14 
101U    $0utf8 
145Z/01 $a42 7 Od 
145Z/02 $a42 7 O 
145Z/03 $a42 5 F 

exp: 34374589 24 1 #EPN
201B/01 $018-07-14 $t11:55:28.000 
201C/01 $018-07-14 
201U/01 $0utf8 
203@/01 $0734870639 
208@/01 $a18-07-14 $bz 
209A/01 $a14.06929 $du $f050 $h14 06929 $x00 
209C/01 $a14.06929 K $h14 06929 K 
209G/01 $a73531934 $x00 
220C/01 $ajwa 
247C/01 $8358050-7 Marburg, Bibliothek des Herder-Instituts Marburg $9102600961
LEADER 00000cam a2200000 c 4500
001 343745895
003 DE-603
005 20250207130625.0
007 tu
008 140718s2013 xx |||| | u00||u|ukr c
020 |a 9661676453 
020 |a 9662164693 
020 |a 9789661676458 
020 |a 9789662164695 
035 |a (DE-599)BVBBV041378385 
035 |a (OCoLC)862844462 
040 |a DE-603  |b ger  |c DE-603  |d DE-603 
041 |a ukr 
083 0 |8 2\u  |a 909  |q DE-101  |2 23/BSB 
083 0 |8 3\u  |a 900.94770904  |q DE-101  |2 23/BSB 
085 |8 1\u  |b 909 
085 |8 1\u  |z 1  |s 0904 
085 |8 1\u  |z 2  |s 477 
085 |8 2\u  |b 909 
085 |8 2\u  |z 1  |s 0904 
085 |8 2\u  |z 2  |s 477 
085 |8 3\u  |b 900 
085 |8 3\u  |z 1  |s 0904 
085 |8 3\u  |z 2  |s 477 
245 0 0 |6 880-01/Latn  |a Polityčni protesty j inakodumstvo v Ukraïni  |b (1960 - 1990); [dokumenty i materialy]  |c uporjadnyk Vasylʹ Danylenko 
246 1 3 |a Political protests and dissent in Ukraine 
264 1 |6 880-03/Latn  |a Kyïv  |b "Smoloskyp"  |c 2013 
300 |a 732 Seiten  |b Illustrationen 
336 |a Text  |b txt  |2 rdacontent 
337 |a ohne Hilfsmittel zu benutzen  |b n  |2 rdamedia 
338 |a Band  |b nc  |2 rdacarrier 
500 |a PT: Political protests and dissent in Ukraine. - In kyrill. Schr., ukrain. 
648 7 |a Geschichte 1960-1990  |2 gnd 
650 7 |a Politischer Protest  |0 (DE-588)4229763-1  |0 (DE-603)086199048  |2 gnd 
650 7 |a Dissident  |0 (DE-588)4150218-8  |0 (DE-603)085617881  |2 gnd 
651 7 |a Ukraine  |0 (DE-588)4061496-7  |0 (DE-603)085170801  |2 gnd 
655 7 |a Quelle  |2 gnd-content  |0 (DE-588)4135952-5  |0 (DE-603)085503576 
700 1 |6 880-02/Latn  |a Danylenko, Vasylʹ Mychajlovyč  |d 1954-  |0 (DE-603)229133568  |0 (DE-588)142943940  |2 gnd 
880 1 |6 264-03/Cyrl  |a Київ  |b "Смолоскип"  |c 2013 
880 0 0 |6 245-01/Cyrl  |a Політичні протести й інакодумство в Україні  |b (1960 - 1990); [документи и матеріали]  |c упорядник Василь Даниленко 
880 1 |6 700-02/Cyrl  |a Даниленко, Василь Михайлович  |d 1954-  |0 (DE-603)229133568  |0 (DE-588)142943940  |2 gnd 
924 0 |9 Mb 50  |a (DE-603)734870639  |b DE-Mb50  |c HES  |d c  |g 14.06929